ARRUPE JESUIT UNIVERSITY

CORONAVIRUS -STOP THE SPREAD - CLEAN,DISINFECT,COVER

Spies of the Balkans : (Record no. 119641)

MARC details
000 -LEADER
fixed length control field 01325cam a22003135a 4500
001 - CONTROL NUMBER
control field 16844509
003 - CONTROL NUMBER IDENTIFIER
control field ARRUPE
005 - DATE AND TIME OF LATEST TRANSACTION
control field 20140122112339.0
008 - FIXED-LENGTH DATA ELEMENTS--GENERAL INFORMATION
fixed length control field 110627s2010 nyub 000 1 eng
010 ## - LIBRARY OF CONGRESS CONTROL NUMBER
LC control number 2010526207
020 ## - INTERNATIONAL STANDARD BOOK NUMBER
International Standard Book Number 9780812977387
040 ## - CATALOGING SOURCE
Original cataloging agency DLC
Transcribing agency DLC
042 ## - AUTHENTICATION CODE
Authentication code pcc
043 ## - GEOGRAPHIC AREA CODE
Geographic area code e-gr---
050 00 - LIBRARY OF CONGRESS CALL NUMBER
Classification number PS3556.U76
Item number S73 2010b
300 ## - PHYSICAL DESCRIPTION
Other physical details map ;
Dimensions 21 cm.
100 1# - MAIN ENTRY--PERSONAL NAME
Personal name Furst, Alan.
9 (RLIN) 6898
245 10 - TITLE STATEMENT
Title Spies of the Balkans :
Remainder of title a novel /
Statement of responsibility, etc Alan Furst.
260 ## - PUBLICATION, DISTRIBUTION, ETC. (IMPRINT)
Place of publication, distribution, etc New York :
Name of publisher, distributor, etc Random House Trade Paperbacks,
Date of publication, distribution, etc 2010.
300 ## - PHYSICAL DESCRIPTION
Extent 268 p. :
520 ## - SUMMARY, ETC.
Summary, etc As war approaches northern Greece, the spies begin to circle--from the Turkish legation to the German secret service. In the ancient port of Salonika, Costa Zannis, a senior police official, head of an office that handles special "political" cases, risks everything to secure an escape route for those hunted by the Gestapo.
650 #0 - SUBJECT ADDED ENTRY--TOPICAL TERM
Topical term or geographic name as entry element World War, 1939-1945
General subdivision Underground movements
Geographic subdivision Greece
Form subdivision Fiction.
9 (RLIN) 6899
651 #0 - SUBJECT ADDED ENTRY--GEOGRAPHIC NAME
Geographic name Greece
General subdivision History
Chronological subdivision 1917-1944
Form subdivision Fiction.
9 (RLIN) 6900
651 #0 - SUBJECT ADDED ENTRY--GEOGRAPHIC NAME
Geographic name Thessalonikē (Greece)
Form subdivision Fiction.
9 (RLIN) 6901
655 #7 - INDEX TERM--GENRE/FORM
Genre/form data or focus term Historical fiction.
Source of term gsafd
9 (RLIN) 6902
655 #7 - INDEX TERM--GENRE/FORM
Genre/form data or focus term Spy stories.
Source of term gsafd
9 (RLIN) 6903
906 ## - LOCAL DATA ELEMENT F, LDF (RLIN)
a 0
b ibc
c orignew
d 2
e ncip
f 20
g y-gencatlg
942 ## - ADDED ENTRY ELEMENTS (KOHA)
Source of classification or shelving scheme Library of Congress Classification
Koha item type Monograph ( Printed materials)
Holdings
Withdrawn status Lost status Source of classification or shelving scheme Damaged status Not for loan Home library Current library Date acquired Total Checkouts Full call number Barcode Date last seen Price effective from Koha item type
    Library of Congress Classification     ARRUPE LIBRARY ARRUPE LIBRARY 22/01/2014   PZ4.F994S6 464122772 02/07/2019 22/01/2014 Monograph ( Printed materials)

 

Arrupe Library. PO Box MP320 Mt Pleasant, Harare, Zimbabwe
263 242 745411|librarian@aju.ac.zw